| 000 | 00580nam a2200229 a 4500 | ||
|---|---|---|---|
| 001 | BRL_1349 | ||
| 005 | 20190320211148.0 | ||
| 008 | 080114s1973----u--a######---#000-0#eng-# | ||
| 020 | _a0684133822 | ||
| 041 | _aeng | ||
| 044 | _au | ||
| 050 | 4 |
_aVM533 _b.M66 1973 |
|
| 100 | 1 |
_aMontgomery, Edward _926607 |
|
| 245 | 1 | 0 |
_aUseful knots for everyone _cEdward Montgomery. |
| 260 |
_aNew York _bCharles Scribner´s Sons _c1973 |
||
| 300 |
_a128 p. _bil. _c19 cm. |
||
| 500 | _aAu1577 | ||
| 500 | _aIncluye índice | ||
| 651 | 4 |
_aNudos _926608 |
|
| 902 | _aGRL | ||
| 942 |
_2lcc _cB |
||
| 999 |
_c10161 _d10161 |
||